[Event "V4 OPEN - International Championship of Slovakia 2
[Site "Banska Stiavnica"]
[Date "2013.07.11"]
[Round "6"]
[Board "28"]
[White "Zvarik, Martin"]
[Black "Dzikowski, Michal"]
[Result "0-1"]
[WhiteElo "2235"]
[BlackElo "1904"]
[PlyCount "0"]
[EventDate "2013.07.06"]
[EventRounds "9"]
[EventCountry "SVK"]

1. e4 {[%clk 1:30:54]} c6 {[%clk 1:30:56]} 2. d4 {[%clk 1:30:43]} d5
{[%clk 1:31:22]} 3. Nd2 {[%clk 1:30:01]} dxe4 {[%clk 1:31:44]} 4. Nxe4
{[%clk 1:30:25]} Bf5 {[%clk 1:31:46]} 5. Ng3 {[%clk 1:30:28]} Bg6
{[%clk 1:32:11]} 6. Nh3 {[%clk 1:29:51]} e6 {[%clk 1:26:33]} 7. Nf4
{[%clk 1:27:57]} Nf6 {[%clk 1:24:46]} 8. h4 {[%clk 1:27:33]} e5 {[%clk 1:14:38]}
9. dxe5 {[%clk 1:11:15]} Qa5+ {[%clk 1:14:52]} 10. c3 {[%clk 1:01:27]} Qxe5+
{[%clk 1:15:02]} 11. Qe2 {[%clk 0:56:17]} Bd6 {[%clk 1:02:28]} 12. Qxe5+
{[%clk 0:47:37]} Bxe5 {[%clk 1:02:51]} 13. Be3 {[%clk 0:46:36]} Bxf4
{[%clk 0:54:23]} 14. Bxf4 {[%clk 0:46:51]} Nh5 {[%clk 0:52:57]} 15. Nxh5
{[%clk 0:45:48]} Bxh5 {[%clk 0:52:53]} 16. f3 {[%clk 0:46:13]} f6
{[%clk 0:53:03]} 17. Bd6 {[%clk 0:42:40]} Bf7 {[%clk 0:50:26]} 18. O-O-O
{[%clk 0:37:25]} Be6 {[%clk 0:48:54]} 19. Bd3 {[%clk 0:36:12]} Kf7
{[%clk 0:47:50]} 20. f4 {[%clk 0:33:22]} f5 {[%clk 0:47:14]} 21. g4
{[%clk 0:32:57]} fxg4 {[%clk 0:46:31]} 22. Rhe1 {[%clk 0:32:18]} Re8
{[%clk 0:15:17]} 23. Bxh7 {[%clk 0:31:21]} Bd7 {[%clk 0:14:37]} 24. Rxe8
{[%clk 0:30:48]} Bxe8 {[%clk 0:14:58]} 25. Re1 {[%clk 0:26:30]} Nd7
{[%clk 0:13:13]} 26. f5 {[%clk 0:26:47]} Nf8 {[%clk 0:11:05]} 27. Bxf8
{[%clk 0:15:00]} Kxf8 {[%clk 0:11:30]} 28. Rg1 {[%clk 0:15:25]} Ke7
{[%clk 0:07:28]} 29. Rxg4 {[%clk 0:15:46]} Kf6 {[%clk 0:07:52]} 30. Rd4
{[%clk 0:13:30]} Ke5 {[%clk 0:04:54]} 31. Kd2 {[%clk 0:12:28]} c5
{[%clk 0:04:58]} 32. Rc4 {[%clk 0:12:24]} b6 {[%clk 0:04:56]} 33. Ke3
{[%clk 0:12:41]} Kf6 {[%clk 0:04:39]} 34. Re4 {[%clk 0:09:37]} Bf7
{[%clk 0:05:00]} 35. Rg4 {[%clk 0:06:58]} Re8+ {[%clk 0:04:05]} 36. Kd3
{[%clk 0:05:54]} Rd8+ {[%clk 0:04:19]} 37. Kc2 {[%clk 0:05:07]} Re8
{[%clk 0:02:52]} 38. Rg2 {[%clk 0:02:27]} Re4 {[%clk 0:02:28]} 39. Bg6
{[%clk 0:01:18]} Bxa2 {[%clk 0:00:43]} 40. b3 {[%clk 0:00:43]} c4
{[%clk 0:01:07]} 41. bxc4 {[%clk 0:00:37]} Bxc4 {[%clk 0:01:27]} 42. h5
{[%clk 0:00:33]} Re2+ {[%clk 0:01:27]} 43. Rxe2 {[%clk 0:00:56]} Bxe2
{[%clk 0:01:53]} 44. Kb3 {[%clk 0:29:34]} Bg4 {[%clk 0:30:56]} 45. Kb4
{[%clk 0:26:36]} Bxf5 {[%clk 0:31:16]} 46. Be8 {[%clk 0:21:50]} Ke7
{[%clk 0:31:03]} 47. Bc6 {[%clk 0:20:03]} Bd7 {[%clk 0:30:15]} 48. Kb5
{[%clk 0:17:40]} Bxc6+ {[%clk 0:30:12]} 49. Kxc6 {[%clk 0:18:09]} a5
{[%clk 0:30:37]} 50. Kb5 {[%clk 0:18:27]} Kd8 {[%clk 0:27:38]} 0-1

[Event "V4 OPEN - International Championship of Slovakia 2
[Site "Banska Stiavnica"]
[Date "2013.07.11"]
[Round "6"]
[Board "29"]
[White "Peitl, Tomas"]
[Black "Kula, Dominik"]
[Result "1-0"]
[WhiteElo "2211"]
[BlackElo "1906"]
[PlyCount "0"]
[EventDate "2013.07.06"]
[EventRounds "9"]
[EventCountry "SVK"]

1. g3 {[%clk 1:06:00]} Nf6 {[%clk 1:29:21]} 2. Bg2 {[%clk 1:06:24]} e5
{[%clk 1:28:05]} 3. c4 {[%clk 1:06:00]} d5 {[%clk 1:27:47]} 4. cxd5
{[%clk 1:06:20]} Nxd5 {[%clk 1:28:14]} 5. Nc3 {[%clk 1:06:36]} Nb6
{[%clk 1:26:23]} 6. Nf3 {[%clk 1:06:00]} Nc6 {[%clk 1:26:36]} 7. O-O
{[%clk 1:05:59]} Be7 {[%clk 1:25:06]} 8. a3 {[%clk 1:06:01]} O-O {[%clk 1:24:14]}
9. b4 {[%clk 1:06:14]} f6 {[%clk 1:22:25]} 10. d3 {[%clk 1:04:02]} Be6
{[%clk 1:21:02]} 11. Bb2 {[%clk 1:03:58]} Qc8 {[%clk 1:17:08]} 12. Re1
{[%clk 1:03:05]} Rd8 {[%clk 1:14:43]} 13. Qc2 {[%clk 1:02:41]} a5
{[%clk 1:12:17]} 14. b5 {[%clk 1:02:18]} Nd4 {[%clk 1:11:47]} 15. Nxd4
{[%clk 1:02:34]} exd4 {[%clk 1:11:57]} 16. Ne4 {[%clk 1:02:30]} f5
{[%clk 0:56:48]} 17. Nc5 {[%clk 1:01:21]} Bxc5 {[%clk 0:56:44]} 18. Qxc5
{[%clk 1:01:39]} Na4 {[%clk 0:56:10]} 19. Qc2 {[%clk 1:01:56]} Nxb2
{[%clk 0:56:01]} 20. Qxb2 {[%clk 1:02:18]} a4 {[%clk 0:54:34]} 21. Rac1
{[%clk 1:01:56]} Bb3 {[%clk 0:46:55]} 22. Rc5 {[%clk 0:59:07]} b6
{[%clk 0:39:46]} 23. Rc6 {[%clk 0:52:57]} Ra5 {[%clk 0:38:05]} 24. Rec1
{[%clk 0:52:44]} Rxb5 {[%clk 0:36:52]} 25. Rxc7 {[%clk 0:53:04]} Qe6
{[%clk 0:35:02]} 26. R1c6 {[%clk 0:50:42]} Qe5 {[%clk 0:34:20]} 27. Rc8
{[%clk 0:42:08]} Rxc8 {[%clk 0:31:38]} 28. Rxc8+ {[%clk 0:42:29]} Kf7
{[%clk 0:32:04]} 29. Rd8 {[%clk 0:40:22]} Bd1 {[%clk 0:30:39]} 30. Qa2+
{[%clk 0:38:03]} Bb3 {[%clk 0:30:07]} 31. Qa1 {[%clk 0:36:07]} Bd5
{[%clk 0:26:06]} 32. Bxd5+ {[%clk 0:30:51]} Rxd5 {[%clk 0:26:25]} 33. Qa2 1-0

[Event "V4 OPEN - International Championship of Slovakia 2
[Site "Banska Stiavnica"]
[Date "2013.07.11"]
[Round "6"]
[Board "30"]
[White "Petras, Marian"]
[Black "Kleman, Miroslav"]
[Result "1-0"]
[WhiteElo "1954"]
[BlackElo "2207"]
[PlyCount "0"]
[EventDate "2013.07.06"]
[EventRounds "9"]
[EventCountry "SVK"]

1. e4 {[%clk 1:30:58]} d6 {[%clk 1:25:41]} 2. f4 {[%clk 1:31:18]} e5
{[%clk 1:25:04]} 3. Nf3 {[%clk 1:31:11]} exf4 {[%clk 1:25:24]} 4. Bc4
{[%clk 1:29:01]} Be6 {[%clk 1:24:24]} 5. Bxe6 {[%clk 1:28:01]} fxe6
{[%clk 1:24:52]} 6. d4 {[%clk 1:28:30]} g5 {[%clk 1:24:52]} 7. O-O
{[%clk 1:26:47]} Bg7 {[%clk 1:25:00]} 8. g3 {[%clk 1:25:30]} g4 {[%clk 1:12:19]}
9. Nh4 {[%clk 1:22:09]} f3 {[%clk 1:12:39]} 10. d5 {[%clk 1:22:22]} Bf6
{[%clk 1:05:29]} 11. dxe6 {[%clk 1:20:35]} Bxh4 {[%clk 1:05:45]} 12. gxh4
{[%clk 1:21:01]} Qxh4 {[%clk 1:04:59]} 13. Bf4 {[%clk 1:21:25]} Nc6
{[%clk 0:57:11]} 14. e5 {[%clk 1:20:31]} O-O-O {[%clk 0:56:50]} 15. exd6
{[%clk 1:20:13]} cxd6 {[%clk 0:56:58]} 16. Nc3 {[%clk 1:20:18]} Qf6
{[%clk 0:54:27]} 17. Qd2 {[%clk 1:15:58]} Nge7 {[%clk 0:48:51]} 18. Ne4
{[%clk 1:16:09]} Qd4+ {[%clk 0:46:31]} 19. Qxd4 {[%clk 1:14:57]} Nxd4
{[%clk 0:47:00]} 20. Nxd6+ {[%clk 1:15:18]} Rxd6 {[%clk 0:46:59]} 21. Bxd6
{[%clk 1:15:44]} Nef5 {[%clk 0:47:12]} 22. Rad1 {[%clk 1:14:32]} Re8
{[%clk 0:45:29]} 23. e7 {[%clk 1:14:01]} Ne2+ {[%clk 0:40:53]} 24. Kf2
{[%clk 1:14:25]} Nxd6 {[%clk 0:41:16]} 25. Rxd6 {[%clk 1:14:48]} Rxe7
{[%clk 0:41:44]} 26. Rfd1 {[%clk 1:13:10]} h5 {[%clk 0:38:44]} 27. R1d5
{[%clk 1:12:30]} Kc7 {[%clk 0:38:57]} 28. Rf6 {[%clk 1:11:27]} Rh7
{[%clk 0:38:35]} 29. Rff5 {[%clk 1:11:31]} h4 {[%clk 0:38:53]} 30. Rh5
{[%clk 1:11:32]} g3+ {[%clk 0:38:20]} 31. hxg3 {[%clk 1:11:40]} hxg3+
{[%clk 0:38:43]} 32. Kxf3 {[%clk 1:12:00]} Rxh5 {[%clk 0:39:07]} 33. Rxh5
{[%clk 1:12:23]} g2 {[%clk 0:39:19]} 34. Rh7+ {[%clk 1:12:42]} 1-0

[Event "V4 OPEN - International Championship of Slovakia 2
[Site "Banska Stiavnica"]
[Date "2013.07.11"]
[Round "6"]
[Board "31"]
[White "Chovan, Milan"]
[Black "Lukac, Roman"]
[Result "1/2-1/2"]
[WhiteElo "1890"]
[BlackElo "2126"]
[PlyCount "0"]
[EventDate "2013.07.06"]
[EventRounds "9"]
[EventCountry "SVK"]

1. e4 {[%clk 1:30:59]} e5 {[%clk 1:25:02]} 2. Nf3 {[%clk 1:31:23]} Nc6
{[%clk 1:25:31]} 3. d4 {[%clk 1:31:46]} exd4 {[%clk 1:25:41]} 4. Nxd4
{[%clk 1:32:10]} Bc5 {[%clk 1:25:32]} 5. Be3 {[%clk 1:32:35]} Qf6
{[%clk 1:25:39]} 6. c3 {[%clk 1:33:00]} Nge7 {[%clk 1:25:42]} 7. Bc4
{[%clk 1:33:24]} d6 {[%clk 1:21:41]} 8. O-O {[%clk 1:31:46]} Ne5 {[%clk 1:12:04]}
9. Be2 {[%clk 1:31:20]} O-O {[%clk 1:11:00]} 10. f4 {[%clk 1:28:28]} N5c6
{[%clk 1:00:29]} 11. Kh1 {[%clk 1:20:14]} Bd7 {[%clk 0:48:54]} 12. Qd2
{[%clk 1:09:54]} Bb6 {[%clk 0:38:16]} 13. Na3 {[%clk 1:05:20]} d5
{[%clk 0:30:14]} 14. e5 {[%clk 1:00:21]} Qg6 {[%clk 0:29:30]} 15. Nab5
{[%clk 0:51:26]} Nxd4 {[%clk 0:16:06]} 16. cxd4 {[%clk 0:50:12]} Nf5
{[%clk 0:14:25]} 17. Bf2 {[%clk 0:49:47]} h5 {[%clk 0:11:55]} 18. Nc3
{[%clk 0:46:26]} Be6 {[%clk 0:08:46]} 19. Na4 {[%clk 0:44:50]} h4
{[%clk 0:06:38]} 20. Nxb6 {[%clk 0:45:11]} axb6 {[%clk 0:06:57]} 21. Qd3
{[%clk 0:30:39]} Qh6 {[%clk 0:04:29]} 22. Be1 {[%clk 0:30:25]} Ra4
{[%clk 0:02:21]} 23. b4 {[%clk 0:29:19]} Rfa8 {[%clk 0:02:15]} 24. a3
{[%clk 0:29:26]} c5 {[%clk 0:01:22]} 25. Bd1 {[%clk 0:26:36]} c4 {[%clk 0:00:48]}
26. Qc3 {[%clk 0:24:18]} 1/2-1/2

[Event "V4 OPEN - International Championship of Slovakia 2
[Site "Banska Stiavnica"]
[Date "2013.07.11"]
[Round "6"]
[Board "32"]
[White "Chlpik, Martin"]
[Black "Szostko, Jakub"]
[Result "1/2-1/2"]
[WhiteElo "2125"]
[BlackElo "1895"]
[PlyCount "119"]
[EventDate "2013.07.06"]
[EventRounds "9"]
[EventCountry "SVK"]

1. d4 Nf6 2. Bf4 e6 3. e3 c5 4. Nf3 Qb6 5. Nc3 d5 6. Be2 Bd7 7. Rb1 a6 8. O-O
cxd4 9. exd4 Nc6 10. Re1 Be7 11. Bf1 O-O 12. Ne5 Nxe5 13. dxe5 Ne8 14. Bd3 f5
15. b4 Rc8 16. Ne2 Qc7 17. Nd4 g6 18. g3 Ng7 19. h4 Nh5 20. Bh6 Ng7 21. Kg2 Qc3
22. Nf3 Ba4 23. Qe2 Bxc2 24. Bxc2 Qxc2 25. Qxc2 Rxc2 26. Nd4 Rc4 27. Bxg7 Re8
28. Nxe6 Bxb4 29. Rxb4 Rxb4 30. Nc7 Rd8 31. Bf6 Rd7 32. e6 Rxc7 33. e7 Rc8 34.
e8=Q+ Rxe8 35. Rxe8+ Kf7 36. Bc3 Rc4 37. Rh8 Rxc3 38. Rxh7+ Kf6 39. Rxb7 Ra3
40. Rb6+ Kg7 41. Rd6 Rxa2 42. Rxd5 a5 43. Rd7+ Kh6 44. Rd8 Kh5 45. Kf3 g5 46.
Rd5 gxh4 47. g4+ Kg6 48. Rxf5 Ra3+ 49. Kg2 Ra1 50. Rh5 h3+ 51. Rxh3 Kg5 52. Rg3
Ra4 53. f3 Ra2+ 54. Kh3 Rf2 55. f4+ Kxf4 56. g5 Rf1 57. g6 Rh1+ 58. Kg2 Rh8 59.
Ra3 Rg8 60. Rxa5 1/2-1/2

[Event "V4 OPEN - International Championship of Slovakia 2
[Site "Banska Stiavnica"]
[Date "2013.07.11"]
[Round "6"]
[Board "34"]
[White "Skara, Vladimir"]
[Black "Laho, Maros"]
[Result "1/2-1/2"]
[WhiteElo "2205"]
[BlackElo "2029"]
[PlyCount "156"]
[EventDate "2013.07.06"]
[EventRounds "9"]
[EventCountry "SVK"]

1. Nf3 d5 2. d4 Nf6 3. g3 Bf5 4. Bg2 h6 5. O-O e6 6. c4 c6 7. Nc3 Bd6 8. Re1
O-O 9. Nd2 Nbd7 10. e4 dxe4 11. Ndxe4 Nxe4 12. Nxe4 Bb4 13. Re3 Nc5 14. a3 Nxe4
15. axb4 Nd6 16. b3 Bg6 17. Bb2 a5 18. bxa5 Rxa5 19. Bc3 Rxa1 20. Qxa1 Qa8 21.
Qb2 Nf5 22. Re1 h5 23. d5 cxd5 24. cxd5 exd5 25. Bxd5 Rd8 26. Be4 Qc8 27. Bxf5
Qxf5 28. Bxg7 Qc2 29. Qa1 Kh7 30. Bf6 Rc8 31. Qa4 Qd2 32. Qa1 Qc2 33. b4 Qd2
34. b5 Rc2 35. Rf1 Rc8 36. h4 Be4 37. Bg5 Qe2 38. Qf6 Qf3 39. Qxf3 Bxf3 40. Rb1
Rc3 41. Kf1 Rd3 42. Ke1 Kg6 43. Bd2 Kf5 44. Rb4 Kg6 45. Rf4 f6 46. Rc4 Rb3 47.
Bb4 Rd3 48. Bd2 Rb3 49. Bc3 Rxb5 50. Kd2 Bc6 51. Ke3 Rf5 52. Bd4 Rf3+ 53. Kd2
Rf5 54. Rb4 Rb5 55. Rc4 Rf5 56. Rc1 Rd5 57. Ke3 Rf5 58. Ra1 Rf3+ 59. Kd2 Bb5
60. Be3 Rf5 61. Ra8 Kg7 62. Rc8 Rd5+ 63. Kc3 Bc6 64. Kc4 Rf5 65. Rc7+ Kg6 66.
Bf4 Bb5+ 67. Kd4 Bc6 68. Ke3 Rb5 69. Re7 Rb3+ 70. Kd4 Rb5 71. Re3 Rd5+ 72. Kc4
Rd2 73. Kc5 Rxf2 74. Re6 Kf7 75. Kd6 Rf3 76. Re7+ Kg6 77. Ke6 Rd3 78. Rc7 Rd1
1/2-1/2

[Event "V4 OPEN - International Championship of Slovakia 2
[Site "Banska Stiavnica"]
[Date "2013.07.11"]
[Round "6"]
[Board "35"]
[White "Karas, Marek"]
[Black "Sosovicka, Juraj"]
[Result "1/2-1/2"]
[WhiteElo "2017"]
[BlackElo "2201"]
[PlyCount "27"]
[EventDate "2013.07.06"]
[EventRounds "9"]
[EventCountry "SVK"]

1. d4 b6 2. e4 Bb7 3. Bd3 e6 4. Qe2 d6 5. f4 c5 6. Nf3 g6 7. O-O Bg7 8. c3 Nf6
9. f5 exf5 10. exf5+ Qe7 11. Qxe7+ Kxe7 12. fxg6 fxg6 13. Bg5 Rf8 14. Nbd2
1/2-1/2

[Event "V4 OPEN - International Championship of Slovakia 2
[Site "Banska Stiavnica"]
[Date "2013.07.11"]
[Round "6"]
[Board "37"]
[White "Demeter, Peter"]
[Black "Gombar, Peter"]
[Result "1/2-1/2"]
[WhiteElo "2168"]
[BlackElo "1964"]
[PlyCount "72"]
[EventDate "2013.07.06"]
[EventRounds "9"]
[EventCountry "SVK"]

1. c4 Nf6 2. Nf3 e6 3. g3 b6 4. Bg2 Bb7 5. O-O c5 6. Nc3 Be7 7. d4 cxd4 8. Nxd4
Bxg2 9. Kxg2 a6 10. e4 Nc6 11. Be3 O-O 12. Nxc6 dxc6 13. Qxd8 Bxd8 14. a4 Bc7
15. Rfd1 Rfd8 16. f4 Rxd1 17. Rxd1 Rd8 18. Rxd8+ Bxd8 19. Kf3 Nd7 20. g4 Be7
21. e5 Bc5 22. h3 Bxe3 23. Kxe3 Kf8 24. b4 c5 25. b5 a5 26. Ke4 Ke7 27. f5 h6
28. fxe6 fxe6 29. h4 g5 30. hxg5 hxg5 31. Ne2 Kf7 32. Ng1 Kg6 33. Nf3 Kh6 34.
Nh2 Kg6 35. Nf1 Kf7 36. Ng3 Ke7 1/2-1/2

[Event "V4 OPEN - International Championship of Slovakia 2
[Site "Banska Stiavnica"]
[Date "2013.07.11"]
[Round "6"]
[Board "38"]
[White "Snider, Lukas"]
[Black "Dolnak, Michal"]
[Result "0-1"]
[WhiteElo "2004"]
[BlackElo "2167"]
[PlyCount "80"]
[EventDate "2013.07.06"]
[EventRounds "9"]
[EventCountry "SVK"]

1. d4 Nf6 2. Nf3 d5 3. Bf4 e6 4. e3 c5 5. c3 Bd6 6. Bg5 Nc6 7. Bd3 O-O 8. Nbd2
e5 9. dxe5 Nxe5 10. Nxe5 Bxe5 11. Nf3 Bc7 12. Qc2 h6 13. Bh4 Qd6 14. Bg3 Qc6
15. Bxc7 Qxc7 16. O-O b6 17. c4 Bg4 18. Nd2 Rad8 19. h3 Be6 20. Nf3 Qb7 21.
Rad1 dxc4 22. Bxc4 Bxh3 23. Rxd8 Rxd8 24. Qg6 Be6 25. Bxe6 fxe6 26. Rc1 Qd5 27.
a3 Ne4 28. b4 Rf8 29. bxc5 bxc5 30. Qg4 Nxf2 31. Qc4 Ne4 32. Qa6 Rf7 33. Qc8+
Kh7 34. Qe8 Rxf3 35. gxf3 Qg5+ 36. Kf1 Qxe3 37. fxe4 Qxc1+ 38. Ke2 Qb2+ 39. Kf3
Qxa3+ 40. Kg4 Qb3 0-1

[Event "V4 OPEN - International Championship of Slovakia 2
[Site "Banska Stiavnica"]
[Date "2013.07.11"]
[Round "6"]
[Board "39"]
[White "Lovas, Miklos"]
[Black "Dowgird, Filip"]
[Result "0-1"]
[WhiteElo "1975"]
[BlackElo "2154"]
[PlyCount "100"]
[EventDate "2013.07.06"]
[EventRounds "9"]
[EventCountry "SVK"]

1. e4 e6 2. d4 d5 3. Nc3 Bb4 4. e5 b6 5. a3 Be7 6. f4 h5 7. Nf3 Nh6 8. Be3 a5
9. Qd2 Ba6 10. Bxa6 Nxa6 11. Qe2 Nf5 12. Bf2 c6 13. Nd1 Nc7 14. Ne3 Nxe3 15.
Bxe3 Qc8 16. Bf2 Qa6 17. Bh4 Bf8 18. Qxa6 Rxa6 19. Ke2 Kd7 20. h3 a4 21. g4 Ra5
22. Kd3 Rb5 23. Kc3 c5 24. b3 Ra5 25. dxc5 bxc5 26. b4 cxb4+ 27. axb4 Nb5+ 28.
Kd3 Bxb4 29. Rhb1 hxg4 30. hxg4 Bc3 31. Rxb5 Rxb5 32. Kxc3 Rc5+ 33. Kd2 Rc4 34.
Bg5 Rh3 35. Ra3 Rg3 36. Kc1 Rg2 37. Ra2 Kc6 38. f5 Rgxg4 39. f6 gxf6 40. Bxf6
Rg2 41. Ne1 Rh2 42. Nd3 d4 43. Be7 Kd5 44. Bd6 f5 45. Kd1 Ke4 46. Nc5+ Ke3 47.
Ra3+ Rc3 48. Rxc3+ dxc3 49. Nd3 Rd2+ 50. Kc1 Rxd3 0-1

[Event "V4 OPEN - International Championship of Slovakia 2
[Site "Banska Stiavnica"]
[Date "2013.07.11"]
[Round "6"]
[Board "40"]
[White "Nowak, Lukasz"]
[Black "Sosovicka, Matej"]
[Result "1-0"]
[WhiteElo "1955"]
[BlackElo "2102"]
[PlyCount "49"]
[EventDate "2013.07.06"]
[EventRounds "9"]
[EventCountry "SVK"]

1. e4 e5 2. Nf3 Nc6 3. Bb5 a6 4. Ba4 Nf6 5. O-O b5 6. Bb3 Bc5 7. c3 d6 8. d4
Bb6 9. Be3 Bg4 10. Nbd2 O-O 11. h3 Bh5 12. Qc1 Re8 13. Bg5 Na5 14. Bc2 h6 15.
Bxf6 Qxf6 16. d5 Nc4 17. Nxc4 bxc4 18. Bd1 Bg6 19. Nd2 Ba7 20. Bf3 Qh4 21. Qe1
f5 22. Nxc4 fxe4 23. Bg4 Rf8 24. Ne3 Rf6 25. g3 1-0

[Event "V4 OPEN - International Championship of Slovakia 2
[Site "Banska Stiavnica"]
[Date "2013.07.11"]
[Round "6"]
[Board "41"]
[White "Mondrzycki, Bartlomiej"]
[Black "Kumala, Aleksander"]
[Result "1/2-1/2"]
[WhiteElo "2099"]
[BlackElo "1954"]
[PlyCount "20"]
[EventDate "2013.07.06"]
[EventRounds "9"]
[EventCountry "SVK"]

1. e4 c5 2. Nf3 e6 3. d4 cxd4 4. Nxd4 a6 5. c4 Nf6 6. f3 Nc6 7. Be3 Bb4+ 8. Nc3
O-O 9. Be2 d5 10. cxd5 exd5 1/2-1/2

[Event "V4 OPEN - International Championship of Slovakia 2
[Site "Banska Stiavnica"]
[Date "2013.07.11"]
[Round "6"]
[Board "42"]
[White "Mulenko, Alexander"]
[Black "Mosny, Jaroslav"]
[Result "1/2-1/2"]
[WhiteElo "2098"]
[BlackElo "1926"]
[PlyCount "51"]
[EventDate "2013.07.06"]
[EventRounds "9"]
[EventCountry "SVK"]

1. d4 Nf6 2. Nf3 e6 3. g3 d5 4. Bg2 Be7 5. O-O O-O 6. c4 Nbd7 7. Qc2 c6 8. Rd1
b6 9. b3 Bb7 10. Nc3 Qc8 11. e4 dxe4 12. Ng5 h6 13. Ngxe4 Nxe4 14. Nxe4 e5 15.
dxe5 Nxe5 16. Bb2 Qc7 17. Qc3 f6 18. f4 Nd7 19. Rd3 Nc5 20. Nxc5 Bxc5+ 21. Kh1
Rad8 22. Rad1 Bc8 23. Qd2 Rxd3 24. Qxd3 Bg4 25. Bf3 Bxf3+ 26. Qxf3 1/2-1/2

[Event "V4 OPEN - International Championship of Slovakia 2
[Site "Banska Stiavnica"]
[Date "2013.07.11"]
[Round "6"]
[Board "43"]
[White "Istok, Vojtech"]
[Black "Popelka, Oldrich"]
[Result "1/2-1/2"]
[WhiteElo "1952"]
[BlackElo "2094"]
[PlyCount "204"]
[EventDate "2013.07.06"]
[EventRounds "9"]
[EventCountry "SVK"]

1. d4 d6 2. e4 Nf6 3. Nc3 g6 4. Be3 Bg7 5. Qd2 c6 6. Bh6 Bxh6 7. Qxh6 Qa5 8.
Bd3 Nbd7 9. Nf3 b5 10. O-O b4 11. Ne2 Ba6 12. Bxa6 Qxa6 13. Ng3 Qc4 14. e5 dxe5
15. dxe5 Ng4 16. Qg7 O-O-O 17. e6 Qxe6 18. Rfe1 Qf6 19. Qxf6 exf6 20. Re4 Nge5
21. Rxb4 Nxf3+ 22. gxf3 Nb6 23. a4 Rd2 24. a5 Nd7 25. Rc4 Kc7 26. Ne4 Rd5 27.
Nc3 Rg5+ 28. Kf1 Rb8 29. b3 Rh5 30. Kg2 Ne5 31. Rf4 Nd7 32. Raa4 Rg5+ 33. Kf1
Re5 34. Rfd4 f5 35. f4 Rc5 36. Rdc4 Rxc4 37. Rxc4 Nf6 38. Ke2 Rd8 39. b4 a6 40.
Na4 Nd7 41. c3 h5 42. Rd4 Re8+ 43. Kf3 Re1 44. Rc4 Ra1 45. Nc5 Nxc5 46. Rxc5
Rc1 47. Kg2 f6 48. h4 Rd1 49. Kh2 Kd6 50. Kg2 Rd3 51. f3 Rd2+ 52. Kg3 Rd5 53.
Rc4 c5 54. Kf2 Kc6 55. Ke3 Kb5 56. Rxc5+ Rxc5 57. bxc5 Kxc5 58. Kd3 Kb5 59. Kd4
Kxa5 60. Kc5 Ka4 61. c4 Kb3 62. Kd5 a5 63. c5 a4 64. c6 a3 65. c7 a2 66. c8=Q
a1=Q 67. Qc4+ Kb2 68. Qd4+ Kb1 69. Qxa1+ Kxa1 70. Ke6 g5 71. hxg5 h4 72. gxf6
h3 73. f7 h2 74. f8=Q h1=Q 75. Qa3+ Kb1 76. Qb3+ Kc1 77. Qc3+ Kb1 78. Qd3+ Kc1
79. Qe3+ Kd1 80. Kxf5 Qh7+ 81. Kg4 Qg6+ 82. Kh4 Qh6+ 83. Kg3 Qg6+ 84. Kf2 Qc2+
85. Kf1 Qc4+ 86. Kg1 Qg8+ 87. Kh2 Qh7+ 88. Kg3 Qg6+ 89. Kh2 Qh6+ 90. Kg1 Qg6+
91. Kf1 Qa6+ 92. Kf2 Qa2+ 93. Kg1 Qg8+ 94. Kf2 Qa2+ 95. Kg3 Qg8+ 96. Kh4 Qh7+
97. Kg5 Qg7+ 98. Kf5 Qf7+ 99. Ke4 Qe6+ 100. Kd4 Qb6+ 101. Kd3 Qb3+ 102. Ke4
Qe6+ 1/2-1/2

[Event "V4 OPEN - International Championship of Slovakia 2
[Site "Banska Stiavnica"]
[Date "2013.07.11"]
[Round "6"]
[Board "45"]
[White "Jablonicky, Martin"]
[Black "Toma, Rudolf"]
[Result "1/2-1/2"]
[WhiteElo "1933"]
[BlackElo "2068"]
[PlyCount "36"]
[EventDate "2013.07.06"]
[EventRounds "9"]
[EventCountry "SVK"]

1. e4 c5 2. c4 e5 3. d3 d6 4. f4 f5 5. g3 Nf6 6. Bg2 fxe4 7. dxe4 Bg4 8. Ne2
Nc6 9. O-O Qd7 10. Nbc3 Nd4 11. f5 Qf7 12. Qd3 Qh5 13. Rf2 O-O-O 14. Nxd4 exd4
15. Ne2 Bxe2 16. Rxe2 Nd7 17. Bf4 Ne5 18. Bxe5 dxe5 1/2-1/2

[Event "V4 OPEN - International Championship of Slovakia 2
[Site "Banska Stiavnica"]
[Date "2013.07.11"]
[Round "6"]
[Board "46"]
[White "Kotlowski, Tomasz"]
[Black "Kral, Klaudia"]
[Result "1-0"]
[WhiteElo "2063"]
[BlackElo "1911"]
[PlyCount "79"]
[EventDate "2013.07.06"]
[EventRounds "9"]
[EventCountry "SVK"]

1. e4 c5 2. Nf3 e6 3. d4 cxd4 4. Nxd4 Nc6 5. c4 Nf6 6. Nc3 Qc7 7. f3 d6 8. Be3
a6 9. Qd2 Be7 10. Nxc6 Qxc6 11. Be2 O-O 12. O-O b6 13. Rfd1 Bb7 14. b4 Rfd8 15.
Bd4 Rac8 16. Rac1 Nd7 17. Qe3 Bf8 18. Qf2 Rb8 19. Kh1 Qc7 20. Nd5 exd5 21. cxd5
Nc5 22. bxc5 dxc5 23. Be3 Bd6 24. f4 f6 25. Bd3 Re8 26. Bb1 Rbc8 27. Qh4 h6 28.
Rc3 b5 29. Bc1 c4 30. Rg3 Kh8 31. Rg6 Bf8 32. d6 Rcd8 33. e5 fxe5 34. fxe5 Qf7
35. e6 Rxd6 36. Rxh6+ gxh6 37. Bb2+ Bg7 38. Qxh6+ Kg8 39. exf7+ Kxf7 40. Qxg7+
1-0

[Event "V4 OPEN - International Championship of Slovakia 2
[Site "Banska Stiavnica"]
[Date "2013.07.11"]
[Round "6"]
[Board "47"]
[White "Milcova, Zuzana"]
[Black "Jancura, Andrej"]
[Result "1-0"]
[WhiteElo "2061"]
[BlackElo "1885"]
[PlyCount "125"]
[EventDate "2013.07.06"]
[EventRounds "9"]
[EventCountry "SVK"]

1. e4 d5 2. exd5 Qxd5 3. Nf3 c6 4. Be2 Bg4 5. O-O Nf6 6. h3 Bxf3 7. Bxf3 Qd6 8.
d4 e6 9. c4 Be7 10. Be3 O-O 11. Nc3 a6 12. Qe2 Rd8 13. Rfd1 Nbd7 14. g3 Bf8 15.
a3 Qe7 16. Bf4 Re8 17. Re1 Rac8 18. Rad1 h6 19. h4 Qd8 20. Qc2 Nb6 21. Ne4 Nxe4
22. Bxe4 Nd7 23. Qc3 g5 24. hxg5 hxg5 25. Bc1 Qf6 26. Bb1 Bg7 27. Qe3 e5 28. d5
cxd5 29. cxd5 Bh6 30. Qe4 Qg7 31. Qf5 Rcd8 32. d6 Re6 33. Qg4 e4 34. Bxe4 Nf6
35. Qf5 Rexd6 36. Rxd6 Rxd6 37. Bxb7 Qg6 38. Qxg6+ fxg6 39. Kg2 Rb6 40. Be4 Kg7
41. Bd3 Rd6 42. Bf1 g4 43. Bxh6+ Kxh6 44. b4 Rb6 45. Re5 Nd7 46. Ra5 Nb8 47.
Be2 Kg7 48. Bxg4 Nc6 49. Rd5 Ne7 50. Rd7 Kf6 51. Ra7 Nc6 52. Rc7 Nd4 53. Rc5
Nb5 54. a4 Nd4 55. Rc4 Ke5 56. a5 Rc6 57. Rc5+ Rxc5 58. bxc5 Kd5 59. Bc8 Kxc5
60. Bxa6 Nc6 61. Bd3 g5 62. a6 Kb6 63. Kf3 1-0

[Event "V4 OPEN - International Championship of Slovakia 2
[Site "Banska Stiavnica"]
[Date "2013.07.11"]
[Round "6"]
[Board "48"]
[White "Bango, Lukas"]
[Black "Haring, Viktor"]
[Result "0-1"]
[WhiteElo "1757"]
[BlackElo "2060"]
[PlyCount "76"]
[EventDate "2013.07.06"]
[EventRounds "9"]
[EventCountry "SVK"]

1. c4 e5 2. Nc3 Nf6 3. g3 d5 4. cxd5 Nxd5 5. Bg2 Nb6 6. Nf3 Nc6 7. O-O Be7 8.
d3 O-O 9. a3 Be6 10. b4 f6 11. Bb2 a5 12. b5 Nd4 13. Nxd4 exd4 14. Ne4 f5 15.
Nd2 Bd5 16. Bxd5+ Qxd5 17. Qb3 Bf6 18. a4 Rfe8 19. Rfe1 Rad8 20. Nc4 Nxc4 21.
dxc4 Qe4 22. Qd3 Be7 23. Ba3 Qxd3 24. exd3 Bxa3 25. Rxe8+ Rxe8 26. Rxa3 Re1+
27. Kg2 Kf7 28. Kf3 Ke6 29. Ra2 Kd6 30. c5+ Kd5 31. Rc2 Ra1 32. Rc4 Ra3 33. Ke2
Rc3 34. Rxc3 dxc3 35. c6 bxc6 36. bxc6 Kxc6 37. d4 Kd5 38. Kd3 c2 0-1